000 00296nam a22001337a 4500
008 181018b xxu||||| |||| 00| 0 eng d
020 _a025201601470
041 _aeng
080 _a621
100 _a27
101 _aENG
245 _aGrain Grade And Standards
_cHill.L.D
942 _2udc
_cBK
999 _c50162
_d50162